000 00492nam a2200181Ia 4500
003 GCL
008 140319s9999 xx 000 0 ara d
040 _aGCL /
_cGCL
082 0 4 _a813.01
_bر ت
100 1 _aرياض بيدس
245 1 0 _aتخطيطات اولية /
_cرياض بيدس
260 _a[S.N] :
_bدار توبقال للنشر ،
_c1988
300 _a57 ص
490 _a
650 0 4 _aالادب العربى
650 0 4 _aالقصص القصيرة
942 _2ddc
_cBK
999 _c30748
_d30748